[Event "Bundesliga 9899"]
[Site "Deutschland"]
[Date "1998.10.18"]
[Round "2.6"]
[White "Hoffmann, Michael"]
[Black "Zude, Arno"]
[Result "1/2-1/2"]
[WhiteElo "2430"]
[BlackElo "2390"]
[PlyCount "87"]
[EventDate "1998.10.17"]
[EventType "team"]
[EventRounds "15"]
[EventCountry "GER"]
[SourceTitle "Bundesliga 9899"]
[Source "DeepChess"]
[SourceDate "2005.01.01"]
[SourceVersion "1"]
[SourceVersionDate "2005.01.01"]
[SourceQuality "1"]
[WhiteTeam "SV Castrop Rauxel 1923"]
[BlackTeam "PSV Turm Duisburg 1920 e.V."]
[WhiteTeamCountry "GER"]
[BlackTeamCountry "GER"]

1. c4 e6 2. g3 d5 3. Bg2 Nf6 4. Nf3 Be7 5. O-O O-O 6. d4 Nbd7 7. Qc2 c6 8. b3
Re8 9. Nc3 Bd6 10. Rd1 Qe7 11. Bg5 h6 12. Bxf6 Nxf6 13. e4 dxe4 14. Nxe4 Nxe4
15. Qxe4 Bd7 16. c5 Bc7 17. Ne5 Red8 18. b4 Be8 19. Rab1 f6 20. Nc4 b5 21. Ne3
Qf7 22. a4 f5 23. Qc2 f4 24. Ng4 f3 25. Bf1 Qg6 26. Qxg6 Bxg6 27. Ra1 Bc2 28.
Re1 Rxd4 29. Ne5 Bxe5 30. Rxe5 bxa4 31. Rxe6 Rxb4 32. Rxc6 Rd8 33. Rc7 Rd1 34.
Rxd1 Bxd1 35. h4 Be2 36. Bh3 g5 37. Be6+ Kh8 38. hxg5 hxg5 39. Rxa7 Bc4 40. Bd7
Rb1+ 41. Kh2 Bf1 42. Bh3 Bb5 43. Bd7 Bf1 44. Bh3 1/2-1/2

[Event "Bundesliga 9899"]
[Site "Deutschland"]
[Date "1998.10.18"]
[Round "2.7"]
[White "Kummerow, Heiko"]
[Black "Appel, Ralf"]
[Result "0-1"]
[WhiteElo "2280"]
[BlackElo "2495"]
[PlyCount "68"]
[EventDate "1998.10.17"]
[EventType "team"]
[EventRounds "15"]
[EventCountry "GER"]
[SourceTitle "Bundesliga 9899"]
[Source "DeepChess"]
[SourceDate "2005.01.01"]
[SourceVersion "1"]
[SourceVersionDate "2005.01.01"]
[SourceQuality "1"]
[WhiteTeam "PSV Turm Duisburg 1920 e.V."]
[BlackTeam "SV Castrop Rauxel 1923"]
[WhiteTeamCountry "GER"]
[BlackTeamCountry "GER"]

1. e4 g6 2. d4 Bg7 3. Nc3 c6 4. Nf3 d5 5. h3 Nh6 6. Bf4 O-O 7. exd5 cxd5 8. Qd2
Nf5 9. g4 Nd6 10. Bh6 Bxh6 11. Qxh6 f6 12. O-O-O Nc6 13. Qe3 Nf7 14. Ne1 e5 15.
dxe5 d4 16. Qg3 fxe5 17. Ne4 Be6 18. a3 Ng5 19. Bd3 Bd5 20. f3 Rf4 21. Nd2 Qf8
22. Rf1 Qh6 23. h4 Ne6 24. Kb1 Nc5 25. Bc4 Bxc4 26. Nxc4 b5 27. Nd2 b4 28. axb4
Nxb4 29. Ng2 g5 30. Nc4 Qe6 31. b3 Qa6 32. Rf2 Qa2+ 33. Kc1 Nxc2 34. Rxc2 Nxb3#
0-1

[Event "Bundesliga 9899"]
[Site "Deutschland"]
[Date "1998.10.18"]
[Round "2.8"]
[White "Dinstuhl, Volkmar"]
[Black "Prang, Edgar"]
[Result "1-0"]
[WhiteElo "2415"]
[BlackElo "2305"]
[PlyCount "65"]
[EventDate "1998.10.17"]
[EventType "team"]
[EventRounds "15"]
[EventCountry "GER"]
[SourceTitle "Bundesliga 9899"]
[Source "DeepChess"]
[SourceDate "2005.01.01"]
[SourceVersion "1"]
[SourceVersionDate "2005.01.01"]
[SourceQuality "1"]
[WhiteTeam "SV Castrop Rauxel 1923"]
[BlackTeam "PSV Turm Duisburg 1920 e.V."]
[WhiteTeamCountry "GER"]
[BlackTeamCountry "GER"]

1. d4 d5 2. c4 e6 3. Nf3 Nf6 4. Nc3 Be7 5. Bg5 O-O 6. e3 Ne4 7. Bxe7 Qxe7 8.
Rc1 c6 9. Bd3 Nxc3 10. Rxc3 dxc4 11. Rxc4 Nd7 12. Qc2 h6 13. O-O e5 14. Rc1
exd4 15. Nxd4 Nb6 16. Rc5 Re8 17. Qd2 Qf6 18. Bb1 Be6 19. Nxe6 Qxe6 20. Qc2 g6
21. b4 Rad8 22. a3 Rd6 23. Ba2 Qf6 24. Rf1 Red8 25. Qc1 Nd7 26. Rc4 Ne5 27. Rf4
Qe7 28. Qa1 Re8 29. Re4 Rd2 30. f4 Qh4 31. Bxf7+ Kxf7 32. fxe5+ Kg8 33. Rxh4
1-0

[Event "Bundesliga 9899"]
[Site "Deutschland"]
[Date "1998.10.18"]
[Round "2.1"]
[White "Slobodjan, Roman"]
[Black "Hracek, Zbynek"]
[Result "1/2-1/2"]
[WhiteElo "2530"]
[BlackElo "2610"]
[PlyCount "49"]
[EventDate "1998.10.17"]
[EventType "team"]
[EventRounds "15"]
[EventCountry "GER"]
[SourceTitle "Bundesliga 9899"]
[Source "DeepChess"]
[SourceDate "2005.01.01"]
[SourceVersion "1"]
[SourceVersionDate "2005.01.01"]
[SourceQuality "1"]
[WhiteTeam "USC Magdeburg"]
[BlackTeam "SAbt SV Werder Bremen"]
[WhiteTeamCountry "GER"]
[BlackTeamCountry "GER"]

1. e4 c5 2. Nf3 e6 3. g3 d5 4. exd5 exd5 5. d4 Nf6 6. Bg2 Qe7+ 7. Be3 Ng4 8.
Qd2 Nxe3 9. Qxe3 Qxe3+ 10. fxe3 Nc6 11. Nc3 Be6 12. O-O-O Rd8 13. Rhe1 Be7 14.
a3 h6 15. Nb5 Rd7 16. dxc5 Bxc5 17. Nbd4 Bg4 18. Nb3 Bb6 19. h3 Be6 20. Nbd4
Bc7 21. g4 O-O 22. Nxc6 bxc6 23. Nd4 c5 24. Nxe6 fxe6 25. Rf1 1/2-1/2

[Event "Bundesliga 9899"]
[Site "Deutschland"]
[Date "1998.10.18"]
[Round "2.2"]
[White "Kindermann, Stefan"]
[Black "Georgiev, Vladimir"]
[Result "0-1"]
[WhiteElo "2540"]
[BlackElo "2540"]
[PlyCount "172"]
[EventDate "1998.10.17"]
[EventType "team"]
[EventRounds "15"]
[EventCountry "GER"]
[SourceTitle "Bundesliga 9899"]
[Source "DeepChess"]
[SourceDate "2005.01.01"]
[SourceVersion "1"]
[SourceVersionDate "2005.01.01"]
[SourceQuality "1"]
[WhiteTeam "SAbt SV Werder Bremen"]
[BlackTeam "USC Magdeburg"]
[WhiteTeamCountry "GER"]
[BlackTeamCountry "GER"]

1. e4 c5 2. Nf3 Nc6 3. c3 d5 4. exd5 Qxd5 5. d4 Bg4 6. Be2 cxd4 7. cxd4 e6 8.
h3 Bh5 9. Nc3 Bb4 10. O-O Qa5 11. Be3 Nge7 12. Qb3 O-O 13. a3 Bxc3 14. bxc3 Qc7
15. c4 Rac8 16. Rac1 Nf5 17. Qc3 e5 18. d5 Nxe3 19. Qxe3 Bxf3 20. Bxf3 Nd4 21.
c5 Qa5 22. c6 bxc6 23. dxc6 Rc7 24. Rc4 Rb8 25. Rfc1 f6 26. Rc5 Qa6 27. Bd5+
Kh8 28. Kh1 Qe2 29. Qxe2 Nxe2 30. R1c4 g5 31. Rb4 Rb6 32. Be4 Kg7 33. Rd5 Rbxc6
34. Rd8 Rb6 35. Rxb6 axb6 36. Rb8 Nc3 37. Bf5 b5 38. Bd3 Ra7 39. Bxb5 Nxb5 40.
Rxb5 Rxa3 41. g3 h5 42. Kg2 Ra4 43. Rb6 Kg6 44. Rc6 Kf5 45. Rb6 g4 46. hxg4+
Rxg4 47. Kf3 Ra4 48. Rc6 h4 49. gxh4 Rxh4 50. Ke3 Rh3+ 51. f3 Kg5 52. Re6 Rh4
53. Re8 Ra4 54. Rg8+ Kf5 55. Rg7 Ra3+ 56. Kf2 Ke6 57. Rg8 f5 58. Re8+ Kf6 59.
Rg8 Ra2+ 60. Kf1 Rb2 61. Ke1 Ke6 62. Re8+ Kd5 63. Rd8+ Kc4 64. Rf8 f4 65. Rd8
Kc5 66. Rd7 Rb6 67. Ke2 Rd6 68. Ra7 Kd5 69. Ra5+ Ke6 70. Ra8 Rb6 71. Re8+ Kf5
72. Rf8+ Kg5 73. Rg8+ Rg6 74. Re8 Kh4 75. Rxe5 Rg2+ 76. Kf1 Ra2 77. Rb5 Kg3 78.
Rb3 Rf2+ 79. Kg1 Rc2 80. Kf1 Ra2 81. Rc3 Ra1+ 82. Ke2 Kg2 83. Rc2 Ra3 84. Ke1+
Kxf3 85. Rc8 Ra1+ 86. Kd2 Kf2 0-1

[Event "Bundesliga 9899"]
[Site "Deutschland"]
[Date "1998.10.18"]
[Round "2.3"]
[White "Rogozenko, Dorian"]
[Black "Knaak, Rainer"]
[Result "1-0"]
[WhiteElo "2495"]
[BlackElo "2555"]
[PlyCount "93"]
[EventDate "1998.10.17"]
[EventType "team"]
[EventRounds "15"]
[EventCountry "GER"]
[SourceTitle "Bundesliga 9899"]
[Source "DeepChess"]
[SourceDate "2005.01.01"]
[SourceVersion "1"]
[SourceVersionDate "2005.01.01"]
[SourceQuality "1"]
[WhiteTeam "USC Magdeburg"]
[BlackTeam "SAbt SV Werder Bremen"]
[WhiteTeamCountry "GER"]
[BlackTeamCountry "GER"]

1. d4 e6 2. c4 f5 3. g3 Nf6 4. Bg2 d5 5. Nh3 c6 6. O-O Bd6 7. Bf4 Be7 8. Nd2
O-O 9. Qc2 Na6 10. a3 Qe8 11. b4 h6 12. f3 g5 13. Be5 Nd7 14. f4 Nxe5 15. dxe5
g4 16. Nf2 h5 17. h4 Qd8 18. Rfd1 Nc7 19. Nb3 Bxh4 20. gxh4 Qxh4 21. Rd3 Qe7
22. Nh3 gxh3 23. Rxh3 h4 24. Kf2 Rf7 25. Rah1 Rh7 26. c5 Bd7 27. Nd4 Kg7 28.
Rg1 Kh8 29. Nf3 Rg8 30. Ng5 Rxg5 31. fxg5 Qxg5 32. Bxd5 Qf4+ 33. Bf3 Nd5 34.
Qd3 Be8 35. e3 Qxe5 36. Bxd5 Qb2+ 37. Qe2 Qxe2+ 38. Kxe2 cxd5 39. Rgh1 Kg7 40.
Rxh4 Rxh4 41. Rxh4 e5 42. Kd2 a6 43. Rh1 Bc6 44. Rh5 Bd7 45. Kc3 Be6 46. a4 Bd7
47. b5 1-0

[Event "Bundesliga 9899"]
[Site "Deutschland"]
[Date "1998.10.18"]
[Round "2.4"]
[White "Meins, Gerlef"]
[Black "Proehl, Holger"]
[Result "1-0"]
[WhiteElo "2450"]
[BlackElo "2395"]
[PlyCount "115"]
[EventDate "1998.10.17"]
[EventType "team"]
[EventRounds "15"]
[EventCountry "GER"]
[SourceTitle "Bundesliga 9899"]
[Source "DeepChess"]
[SourceDate "2005.01.01"]
[SourceVersion "1"]
[SourceVersionDate "2005.01.01"]
[SourceQuality "1"]
[WhiteTeam "SAbt SV Werder Bremen"]
[BlackTeam "USC Magdeburg"]
[WhiteTeamCountry "GER"]
[BlackTeamCountry "GER"]

1. d4 d5 2. c4 e6 3. Nf3 Nf6 4. g3 dxc4 5. Bg2 a6 6. O-O Nbd7 7. a4 Rb8 8. a5
Bd6 9. Nbd2 b5 10. axb6 Nxb6 11. e4 Bb4 12. Ne5 Bb7 13. Ndxc4 O-O 14. Qd3 h6
15. Na5 Bxa5 16. Rxa5 Nfd7 17. Ng4 Re8 18. Bf4 Rc8 19. Rc1 Qe7 20. Bxc7 Na8 21.
Bf4 Rxc1+ 22. Bxc1 Qb4 23. Qc3 Qb6 24. Be3 Rc8 25. Qd2 Rc2 26. Qxc2 Qxa5 27.
Bd2 Qa1+ 28. Qc1 Qa4 29. Bc3 Nc7 30. Ne3 Nb5 31. Qd1 Nxc3 32. bxc3 Qxd1+ 33.
Nxd1 a5 34. Ne3 Nb6 35. f3 a4 36. Nc2 Ba6 37. Bf1 Bc4 38. Na3 Bb3 39. Kf2 Kf8
40. Ke3 Ke7 41. c4 f6 42. f4 Nd7 43. e5 g5 44. Be2 Nf8 45. Bh5 f5 46. Kd3 g4
47. Kc3 Nd7 48. Kb4 Nb8 49. Kb5 Bd1 50. d5 Bf3 51. d6+ Kd7 52. Kxa4 Nc6 53. Kb5
Nd4+ 54. Kb6 Be4 55. c5 Bc6 56. Nc4 Ba4 57. Na5 Bb5 58. c6+ 1-0

[Event "Bundesliga 9899"]
[Site "Deutschland"]
[Date "1998.10.18"]
[Round "2.5"]
[White "Naumann, Alexander"]
[Black "Heissler, Jakob"]
[Result "0-1"]
[WhiteElo "2375"]
[BlackElo "2435"]
[PlyCount "98"]
[EventDate "1998.10.17"]
[EventType "team"]
[EventRounds "15"]
[EventCountry "GER"]
[SourceTitle "Bundesliga 9899"]
[Source "DeepChess"]
[SourceDate "2005.01.01"]
[SourceVersion "1"]
[SourceVersionDate "2005.01.01"]
[SourceQuality "1"]
[WhiteTeam "USC Magdeburg"]
[BlackTeam "SAbt SV Werder Bremen"]
[WhiteTeamCountry "GER"]
[BlackTeamCountry "GER"]

1. Nf3 Nf6 2. c4 g6 3. Nc3 Bg7 4. e4 O-O 5. d4 d6 6. Be2 e5 7. O-O Nc6 8. d5
Ne7 9. b4 Nh5 10. Re1 Nf4 11. Bf1 a5 12. bxa5 Rxa5 13. a4 c5 14. Ra3 Ra6 15.
Nd2 g5 16. Nb5 g4 17. g3 Nh3+ 18. Bxh3 gxh3 19. Qh5 f5 20. Nf3 fxe4 21. Ng5 Bf5
22. Nxe4 Qd7 23. Bh6 Bg6 24. Qg5 Nf5 25. Bxg7 Kxg7 26. Qg4 Qe7 27. Qxh3 Nd4 28.
Nxd4 cxd4 29. Qg4 Kh8 30. Nd2 Raa8 31. Qxd4 exd4 32. Rxe7 Rfe8 33. Rxe8+ Rxe8
34. Nf3 d3 35. Ra2 Re4 36. c5 dxc5 37. d6 Re6 38. d7 Rd6 39. Nd2 Rxd7 40. Ra1
Re7 41. Rc1 Re2 42. Nf1 Rc2 43. Rb1 Be4 44. Re1 Bf3 45. Re3 Be2 46. Re8+ Kg7
47. Ne3 Bf3 48. Nf5+ Kf6 49. Rf8+ Ke5 0-1

[Event "Bundesliga 9899"]
[Site "Deutschland"]
[Date "1998.10.18"]
[Round "2.6"]
[White "Kachiani Gersinska, Ketino"]
[Black "Machelett, Heiko"]
[Result "1-0"]
[WhiteElo "2420"]
[BlackElo "2405"]
[PlyCount "45"]
[EventDate "1998.10.17"]
[EventType "team"]
[EventRounds "15"]
[EventCountry "GER"]
[SourceTitle "Bundesliga 9899"]
[Source "DeepChess"]
[SourceDate "2005.01.01"]
[SourceVersion "1"]
[SourceVersionDate "2005.01.01"]
[SourceQuality "1"]
[WhiteTeam "SAbt SV Werder Bremen"]
[BlackTeam "USC Magdeburg"]
[WhiteTeamCountry "GER"]
[BlackTeamCountry "GER"]

1. d4 Nf6 2. c4 d6 3. Nc3 g6 4. e4 Bg7 5. Be2 O-O 6. Bg5 Na6 7. h4 e5 8. d5 Qe8
9. h5 Nc5 10. h6 Bh8 11. Bf3 a5 12. Nge2 c6 13. O-O cxd5 14. Nxd5 Nxd5 15. Qxd5
Ra6 16. b3 Bd7 17. Nc3 Ne6 18. Qxb7 Rc6 19. Be3 Nd4 20. Bxd4 exd4 21. Nd5 Be5
22. Bg4 f5 23. f4 1-0

[Event "Bundesliga 9899"]
[Site "Deutschland"]
[Date "1998.10.18"]
[Round "2.8"]
[White "Tseitlin, Mikhail S"]
[Black "Kapischka, Jens"]
[Result "1/2-1/2"]
[WhiteElo "2445"]
[BlackElo "2315"]
[PlyCount "109"]
[EventDate "1998.10.17"]
[EventType "team"]
[EventRounds "15"]
[EventCountry "GER"]
[SourceTitle "Bundesliga 9899"]
[Source "DeepChess"]
[SourceDate "2005.01.01"]
[SourceVersion "1"]
[SourceVersionDate "2005.01.01"]
[SourceQuality "1"]
[WhiteTeam "SAbt SV Werder Bremen"]
[BlackTeam "USC Magdeburg"]
[WhiteTeamCountry "GER"]
[BlackTeamCountry "GER"]

1. e4 c5 2. Nf3 d6 3. d4 cxd4 4. Qxd4 Nc6 5. Bb5 Bd7 6. Bxc6 Bxc6 7. Nc3 e5 8.
Qd3 h6 9. Nd2 Nf6 10. Nc4 Rc8 11. O-O b5 12. Ne3 Qd7 13. Rd1 Be7 14. a3 g6 15.
Ned5 Bxd5 16. exd5 a6 17. f3 Kf8 18. Be3 Kg7 19. a4 b4 20. Ne4 Nxe4 21. fxe4 a5
22. Rd2 Qc7 23. Rf2 Bd8 24. Raf1 f6 25. Qa6 Rf8 26. Bb6 Qd7 27. Bxa5 Bxa5 28.
Qxa5 Ra8 29. Qxb4 Rxa4 30. Qe1 Qg4 31. b4 f5 32. h3 Qg5 33. Qc3 Rf7 34. exf5
gxf5 35. Qc6 Rxb4 36. Qxd6 Re4 37. Qe6 f4 38. d6 Qf6 39. Qg4+ Qg6 40. Qxg6+
Kxg6 41. Rd1 Rd7 42. g3 fxg3 43. Rf3 Rd4 44. Rxg3+ Kf5 45. Rf1+ Ke4 46. Re1+
Kd5 47. c3 Rd2 48. Rge3 Kxd6 49. Rxe5 Rg7+ 50. Kh1 Rgg2 51. Re6+ Kd5 52. R1e5+
Kc4 53. Rc6+ Kb3 54. Rb5+ Kc2 55. Rd5 1/2-1/2

[Event "Bundesliga 9899"]
[Site "Deutschland"]
[Date "1998.10.18"]
[Round "2.1"]
[White "Movsesian, Sergei"]
[Black "Schlosser, Philipp"]
[Result "1/2-1/2"]
[WhiteElo "2595"]
[BlackElo "2515"]
[PlyCount "56"]
[EventDate "1998.10.17"]
[EventType "team"]
[EventRounds "15"]
[EventCountry "GER"]
[SourceTitle "Bundesliga 9899"]
[Source "DeepChess"]
[SourceDate "2005.01.01"]
[SourceVersion "1"]
[SourceVersionDate "2005.01.01"]
[SourceQuality "1"]
[WhiteTeam "SF Neukoelln 03 e.V."]
[BlackTeam "SK Passau 1869"]
[WhiteTeamCountry "GER"]
[BlackTeamCountry "GER"]

1. e4 c6 2. Nc3 d5 3. d4 dxe4 4. Nxe4 Bf5 5. Ng3 Bg6 6. Bc4 e6 7. N1e2 Bd6 8.
h4 h6 9. Nf4 Bxf4 10. Bxf4 Nf6 11. h5 Bh7 12. Qe2 Qxd4 13. Be5 Qc5 14. O-O-O
Nbd7 15. Bd6 Qg5+ 16. Kb1 O-O-O 17. Qf3 Ne5 18. Qc3 Nxc4 19. Qxc4 Qb5 20. Qc3
Rd7 21. Bf4 Rxd1+ 22. Rxd1 Nd5 23. Qxg7 Bxc2+ 24. Kxc2 Qa4+ 25. b3 Qxa2+ 26.
Kc1 Qa3+ 27. Kc2 Qa2+ 28. Kc1 Qa3+ 1/2-1/2

[Event "Bundesliga 9899"]
[Site "Deutschland"]
[Date "1998.10.18"]
[Round "2.2"]
[White "Schmidt, Peter"]
[Black "Luther, Thomas"]
[Result "1/2-1/2"]
[WhiteElo "2410"]
[BlackElo "2510"]
[PlyCount "50"]
[EventDate "1998.10.17"]
[EventType "team"]
[EventRounds "15"]
[EventCountry "GER"]
[SourceTitle "Bundesliga 9899"]
[Source "DeepChess"]
[SourceDate "2005.01.01"]
[SourceVersion "1"]
[SourceVersionDate "2005.01.01"]
[SourceQuality "1"]
[WhiteTeam "SK Passau 1869"]
[BlackTeam "SF Neukoelln 03 e.V."]
[WhiteTeamCountry "GER"]
[BlackTeamCountry "GER"]

1. d4 e6 2. Nf3 d5 3. c4 Nf6 4. g3 dxc4 5. Bg2 Nc6 6. Qa4 Bb4+ 7. Bd2 Bd6 8.
Bc3 O-O 9. Qxc4 Qe7 10. Ne5 Bxe5 11. dxe5 Nd5 12. O-O Nxc3 13. Qxc3 Bd7 14. Nd2
Rfd8 15. Nb3 Be8 16. e3 a5 17. Nc5 Ra7 18. Rfd1 h6 19. Nxb7 Rxb7 20. Bxc6 Bxc6
21. Qxc6 Rxb2 22. Qa4 Ra8 23. Qc6 Rd8 24. Qa4 Ra8 25. Qc6 Rd8 1/2-1/2

[Event "Bundesliga 9899"]
[Site "Deutschland"]
[Date "1998.10.18"]
[Round "2.4"]
[White "Smejkal, Jan"]
[Black "Bunzmann, Dimitrij"]
[Result "1/2-1/2"]
[WhiteElo "2525"]
[BlackElo "2390"]
[PlyCount "49"]
[EventDate "1998.10.17"]
[EventType "team"]
[EventRounds "15"]
[EventCountry "GER"]
[SourceTitle "Bundesliga 9899"]
[Source "DeepChess"]
[SourceDate "2005.01.01"]
[SourceVersion "1"]
[SourceVersionDate "2005.01.01"]
[SourceQuality "1"]
[WhiteTeam "SK Passau 1869"]
[BlackTeam "SF Neukoelln 03 e.V."]
[WhiteTeamCountry "GER"]
[BlackTeamCountry "GER"]

1. c4 b6 2. e4 Bb7 3. Nc3 e6 4. g3 f5 5. Bg2 Nf6 6. d3 Bb4 7. Nge2 fxe4 8. O-O
O-O 9. Bg5 Be7 10. dxe4 Ng4 11. Bxe7 Qxe7 12. Nd4 Ne5 13. b3 Nbc6 14. Nc2 Nb4
15. Nxb4 Qxb4 16. Rc1 Qc5 17. Rc2 Rf7 18. Kh1 Nc6 19. f4 Raf8 20. e5 Qe7 21.
Rcf2 Qb4 22. Ne4 h6 23. Kg1 b5 24. cxb5 Qxb5 25. Qd2 1/2-1/2

[Event "Bundesliga 9899"]
[Site "Deutschland"]
[Date "1998.10.18"]
[Round "2.5"]
[White "Hellsten, Johan"]
[Black "Pichler, Juergen"]
[Result "1/2-1/2"]
[WhiteElo "2460"]
[BlackElo "2395"]
[PlyCount "87"]
[EventDate "1998.10.17"]
[EventType "team"]
[EventRounds "15"]
[EventCountry "GER"]
[SourceTitle "Bundesliga 9899"]
[Source "DeepChess"]
[SourceDate "2005.01.01"]
[SourceVersion "1"]
[SourceVersionDate "2005.01.01"]
[SourceQuality "1"]
[WhiteTeam "SF Neukoelln 03 e.V."]
[BlackTeam "SK Passau 1869"]
[WhiteTeamCountry "GER"]
[BlackTeamCountry "GER"]

1. d4 Nf6 2. c4 e6 3. Nf3 d5 4. Nc3 c6 5. Qb3 dxc4 6. Qxc4 b5 7. Qd3 Bb7 8. a3
b4 9. axb4 Bxb4 10. e4 c5 11. e5 Nfd7 12. Bd2 cxd4 13. Qxd4 Nc6 14. Qg4 O-O 15.
Bb5 Qb6 16. Bh6 g6 17. Bxc6 Bxc6 18. O-O Rfc8 19. Ng5 Bxc3 20. bxc3 Qc5 21. Qf4
Qe7 22. c4 f5 23. exf6 Qxf6 24. Qd6 e5 25. Ne6 Re8 26. Qxc6 Qxe6 27. Qxe6+ Rxe6
28. Rfd1 Nf6 29. Ra5 Kf7 30. Bg5 a6 31. c5 Rc8 32. f3 Rec6 33. Be3 Ke6 34. Rb1
Nd5 35. Bf2 Nc7 36. h4 Nb5 37. Re1 Rd8 38. Ra4 Rd5 39. h5 Kf6 40. hxg6 hxg6 41.
Rea1 Nd4 42. Rxa6 Rdxc5 43. Rxc6+ Rxc6 44. Kf1 1/2-1/2

[Event "Bundesliga 9899"]
[Site "Deutschland"]
[Date "1998.10.18"]
[Round "2.6"]
[White "Klebel, Martin"]
[Black "Polzin, Rainer"]
[Result "1/2-1/2"]
[WhiteElo "2410"]
[BlackElo "2440"]
[PlyCount "58"]
[EventDate "1998.10.17"]
[EventType "team"]
[EventRounds "15"]
[EventCountry "GER"]
[SourceTitle "Bundesliga 9899"]
[Source "DeepChess"]
[SourceDate "2005.01.01"]
[SourceVersion "1"]
[SourceVersionDate "2005.01.01"]
[SourceQuality "1"]
[WhiteTeam "SK Passau 1869"]
[BlackTeam "SF Neukoelln 03 e.V."]
[WhiteTeamCountry "GER"]
[BlackTeamCountry "GER"]

1. d4 Nf6 2. Nf3 g6 3. g3 Bg7 4. Bg2 O-O 5. O-O d6 6. b3 e5 7. dxe5 dxe5 8. Ba3
Re8 9. Nc3 Nc6 10. Ng5 h6 11. Nge4 Nxe4 12. Bxe4 Bh3 13. Qxd8 Raxd8 14. Bxc6
bxc6 15. Rfd1 Bf5 16. Rxd8 Rxd8 17. e4 Bg4 18. Kg2 Rd2 19. Rc1 Bf8 20. Bxf8
Kxf8 21. Nb1 Rd4 22. f3 Be6 23. Kf2 c5 24. c4 Ke7 25. Ke3 f5 26. Nc3 c6 27. Ne2
Rd8 28. Nc3 Rd4 29. Ne2 Rd8 1/2-1/2

[Event "Bundesliga 9899"]
[Site "Deutschland"]
[Date "1998.10.18"]
[Round "2.7"]
[White "Schoene, Ralf"]
[Black "Schlingensiepen, Christian"]
[Result "1-0"]
[WhiteElo "2425"]
[BlackElo "2300"]
[PlyCount "81"]
[EventDate "1998.10.17"]
[EventType "team"]
[EventRounds "15"]
[EventCountry "GER"]
[SourceTitle "Bundesliga 9899"]
[Source "DeepChess"]
[SourceDate "2005.01.01"]
[SourceVersion "1"]
[SourceVersionDate "2005.01.01"]
[SourceQuality "1"]
[WhiteTeam "SF Neukoelln 03 e.V."]
[BlackTeam "SK Passau 1869"]
[WhiteTeamCountry "GER"]
[BlackTeamCountry "GER"]

1. c4 Nf6 2. b3 e5 3. Bb2 Nc6 4. d3 d5 5. cxd5 Nxd5 6. Nf3 f6 7. Nbd2 Be6 8. a3
Qd7 9. e3 O-O-O 10. Be2 g5 11. O-O g4 12. Ne1 h5 13. Nc2 h4 14. Ne4 Be7 15. b4
f5 16. b5 Na5 17. Nd2 Bf6 18. Nb4 g3 19. Nxd5 Qxd5 20. Nf3 gxh2+ 21. Kxh2 Rhg8
22. Qa4 Nb3 23. e4 Qd6 24. Qxa7 Nxa1 25. Rxa1 h3 26. g3 f4 27. Rc1 fxg3+ 28.
fxg3 Bg4 29. b6 Rg7 30. Bxe5 Bxe5 31. Nxe5 Qxe5 32. Bxg4+ Rxg4 33. Rxc7+ Qxc7
34. bxc7 Kxc7 35. Qa5+ b6 36. Qe5+ Rd6 37. d4 Rgg6 38. d5 Rh6 39. Qg7+ Kb8 40.
e5 Rdg6 41. Qf8+ 1-0

[Event "Bundesliga 9899"]
[Site "Deutschland"]
[Date "1998.10.18"]
[Round "2.8"]
[White "Kaiser, Wolfgang"]
[Black "Thiede, Lars"]
[Result "1-0"]
[WhiteElo "2400"]
[BlackElo "2340"]
[PlyCount "87"]
[EventDate "1998.10.17"]
[EventType "team"]
[EventRounds "15"]
[EventCountry "GER"]
[SourceTitle "Bundesliga 9899"]
[Source "DeepChess"]
[SourceDate "2005.01.01"]
[SourceVersion "1"]
[SourceVersionDate "2005.01.01"]
[SourceQuality "1"]
[WhiteTeam "SK Passau 1869"]
[BlackTeam "SF Neukoelln 03 e.V."]
[WhiteTeamCountry "GER"]
[BlackTeamCountry "GER"]

1. Nf3 g6 2. d4 Nf6 3. c4 Bg7 4. Nc3 O-O 5. e4 d6 6. Be2 Na6 7. O-O e5 8. Re1
c6 9. Bf1 Nh5 10. Bg5 Bf6 11. Bh6 Re8 12. d5 Bg4 13. Be2 Nf4 14. h3 Bxf3 15.
Bxf3 Bg5 16. Bxg5 Qxg5 17. Kh2 cxd5 18. cxd5 Qh4 19. g3 Qxh3+ 20. Kg1 Nc5 21.
gxf4 exf4 22. e5 dxe5 23. b4 Nd7 24. d6 Nf6 25. Nd5 Nxd5 26. Qxd5 Rad8 27. Rad1
Rd7 28. Bg2 Qe6 29. a3 Kg7 30. Qxe6 Rxe6 31. Bxb7 Rexd6 32. Rxd6 Rxd6 33. Rxe5
Rd7 34. Bc6 Rc7 35. b5 Kf6 36. Rc5 h5 37. a4 Ke7 38. Kg2 f6 39. Rd5 g5 40. a5
h4 41. Rd4 f5 42. a6 Ke6 43. Rd7 f3+ 44. Kxf3 1-0

[Event "Bundesliga 9899"]
[Site "Deutschland"]
[Date "1998.10.18"]
[Round "2.1"]
[White "Rausis, Igors"]
[Black "Jussupow, Artur"]
[Result "1/2-1/2"]
[WhiteElo "2520"]
[BlackElo "2630"]
[PlyCount "47"]
[EventDate "1998.10.17"]
[EventType "team"]
[EventRounds "15"]
[EventCountry "GER"]
[SourceTitle "Bundesliga 9899"]
[Source "DeepChess"]
[SourceDate "2005.01.01"]
[SourceVersion "1"]
[SourceVersionDate "2005.01.01"]
[SourceQuality "1"]
[WhiteTeam "SK Viernheim"]
[BlackTeam "SG 1868 Aljech. Solingen"]
[WhiteTeamCountry "GER"]
[BlackTeamCountry "GER"]

1. Nf3 d5 2. d4 Nf6 3. c4 e6 4. g3 Bb4+ 5. Bd2 Be7 6. Bg2 O-O 7. Qc2 c6 8. O-O
Nbd7 9. b3 b6 10. Bf4 Bb7 11. Nc3 Nh5 12. Bc1 f5 13. Ne1 Bd6 14. e3 Rc8 15. Nd3
Qe7 16. Bb2 Nhf6 17. Rfe1 a5 18. Rac1 Ba6 19. Na4 b5 20. Nac5 Bxc5 21. Nxc5
Nxc5 22. dxc5 bxc4 23. Qc3 cxb3 24. axb3 1/2-1/2

[Event "Bundesliga 9899"]
[Site "Deutschland"]
[Date "1998.10.18"]
[Round "2.2"]
[White "Sadler, Matthew"]
[Black "Beikert, Guenther"]
[Result "1-0"]
[WhiteElo "2650"]
[BlackElo "2495"]
[PlyCount "65"]
[EventDate "1998.10.17"]
[EventType "team"]
[EventRounds "15"]
[EventCountry "GER"]
[SourceTitle "Bundesliga 9899"]
[Source "DeepChess"]
[SourceDate "2005.01.01"]
[SourceVersion "1"]
[SourceVersionDate "2005.01.01"]
[SourceQuality "1"]
[WhiteTeam "SG 1868 Aljech. Solingen"]
[BlackTeam "SK Viernheim"]
[WhiteTeamCountry "GER"]
[BlackTeamCountry "GER"]

1. Nf3 d5 2. b3 Nf6 3. Bb2 e6 4. g3 Be7 5. Bg2 O-O 6. O-O c5 7. e3 b6 8. d3 Nc6
9. Nbd2 Qc7 10. Nh4 Re8 11. f4 e5 12. h3 exf4 13. gxf4 g6 14. Nhf3 d4 15. exd4
Bb7 16. dxc5 Nd5 17. Ne4 Nxf4 18. Qd2 f5 19. Kh1 fxe4 20. Qc3 Ne5 21. Nxe5 Bf6
22. Rxf4 Bxe5 23. Qc4+ Kh8 24. Rf7 Re7 25. Bxe5+ Qxe5 26. d4 Qg5 27. Rxe7 Qxe7
28. c6 Bc8 29. d5 Qe5 30. Rd1 Qg3 31. Qd4+ Kg8 32. Qxe4 Bxh3 33. d6 1-0